000 00539nam a2200193Ia 4500
005 20240823030600.0
008 240823s9999||||xx |||||||||||||| ||und||
020 _a978-81-315-1308-8
041 _aENGLISH
082 _A629.222 Q0
100 _aChristopher Hadfield
245 0 _aAutomotive Engineering Engine Repair & Rebuilding(Classroom Manuall)
250 _a1st
260 _c2010
_bCengage Learning
_aNew Delhi
500 _aYES
650 _aAutomotive Engineering
_bAutomobile Engineering
942 _cBK
999 _c189035
_d189035